00685nam a2200193Ia 4500001000600000003000500006008004100011010001100052040000900063100003700072245011700109260004100226300002600267502008100293650003300374650002600407650003300433650002500466Z_722CHAP220113s1990 xx 000 0 und d a163815 cCHAP aAndrade de la Cruz, Juan de Dios aEfecto del crédito en el desarrollo de una empresa ganadera en Nayarit /cpor Juan de Dios Andrade de la Cruz aChapingo, Méx. :bEl autor,c1990 a47 h. + anexo ; ilus. aTesis (Ing. Agrónomo Esp. en Zootecnia) -- UACH. Departamento de Zootecnia aCrédito ganaderoxNayarit  aGanaderíaxNayarit  aNayaritxCrédito ganadero  aNayaritxGanadería